| 000 | 00650nam a2200193 a 4500 | ||
|---|---|---|---|
| 003 | 0 | ||
| 005 | 20250415140448.0 | ||
| 008 | 060801s19uu xx 00 eng d | ||
| 050 |
_aPHS QK 580 _b.J6 2006 |
||
| 100 | _aJo, Hyun Jung. | ||
| 245 |
_aUse of lichens as alternative source of dye / _cHyun Jung Jo. |
||
| 260 |
_aLas PiƱas City, Philippines : _bSouthville International School and Colleges, _c2006. |
||
| 300 |
_a25 pages : _billustrations ; _c28 cm. |
||
| 504 | _aIncludes bibliographical references. | ||
| 650 |
_aLichens _xUtilization. |
||
| 650 |
_aLichens _xColoring matter. |
||
| 650 | _aDyes and dyeing, Natural. | ||
| 942 |
_2lcc _cPASS |
||
| 999 |
_c97620 _d97620 |
||